Liberation, modernity, and the nation / (Record no. 17858)

MARC details
000 -LEADER
fixed length control field 00710 aa a2200205 4500
008 - FIXED-LENGTH DATA ELEMENTS--GENERAL INFORMATION
fixed length control field 081021t xxu||||| |||| 00| 0 eng d
010 ## - LIBRARY OF CONGRESS CONTROL NUMBER
LC control number ENG-84553
020 ## - INTERNATIONAL STANDARD BOOK NUMBER
International Standard Book Number 0195681592
020 ## - INTERNATIONAL STANDARD BOOK NUMBER
Terms of availability 575.00 (hb)
035 ## - SYSTEM CONTROL NUMBER
System control number EN-68086
082 ## - DEWEY DECIMAL CLASSIFICATION NUMBER
Classification number 320.513 / ROB
100 ## - MAIN ENTRY--PERSONAL NAME
Personal name Robb, Peter
245 ## - TITLE STATEMENT
Title Liberation, modernity, and the nation /
Statement of responsibility, etc by Peter Robb
260 ## - PUBLICATION, DISTRIBUTION, ETC. (IMPRINT)
Place of publication, distribution, etc New Delhi
Name of publisher, distributor, etc Oxford University Press
260 ## - PUBLICATION, DISTRIBUTION, ETC. (IMPRINT)
Date of publication, distribution, etc 2007
300 ## - PHYSICAL DESCRIPTION
Extent ix,231p
Dimensions 23cm
490 ## - SERIES STATEMENT
Series statement Empire, identity, and India
942 ## - ADDED ENTRY ELEMENTS (KOHA)
Source of classification or shelving scheme Dewey Decimal Classification
Koha item type English Books
Classification part 320.513
Call number suffix ROB
Holdings
Withdrawn status Lost status Source of classification or shelving scheme Damaged status Not for loan Home library Current library Date acquired Cost, normal purchase price Total Checkouts Full call number Barcode Date last seen Copy number Cost, replacement price Price effective from Koha item type
    Dewey Decimal Classification   Not For Loan D.B.Act.Division D.B.Act.Division 08/03/2007 575.00   320.513 ROB EN-68086 04/11/2008 1 575.00 04/11/2008 English Books

© Delhi Public Library
Hit Counter
free hit counter